[Event "36th European Club Cup 2021"]
[Site "Struga"]
[Date "2021.09.20"]
[Round "3.43"]
[White "Donchenko, Alexander"]
[Black "Elsness, Frode"]
[Result "1-0"]
[WhiteElo "2641"]
[BlackElo "2467"]
[Annotator "TA"]
[PlyCount "99"]
[EventDate "2021.09.18"]
[EventType "team-tourn"]
[EventCountry "MKD"]
[SourceTitle "playchess.com"]
[Source "ChessBase"]
[SourceQuality "1"]

{[%evp 34,99,39,49,43,27,14,27,28,4,10,8,17,18,48,0,16,0,0,14,29,0,0,0,8,6,207,
0,0,0,360,343,327,344,464,442,623,627,625,625,1262,1239,1212,1241,1258,1114,
1240,1208,1021,913,1938,1822,1799,1639,2183,1978,2422,2039,4682,4675,5820,4606,
29973,29975,29980,29982,29976,29979]} 1. d4 d5 2. c4 c6 3. Nf3 Nf6 4. Nc3 e6 5.
Bg5 dxc4 6. e4 b5 7. e5 h6 8. Bh4 g5 9. Nxg5 hxg5 10. Bxg5 Nbd7 11. g3 Bb7 12.
Bg2 Qb6 13. exf6 O-O-O 14. O-O c5 15. d5 b4 16. Na4 Qa6 17. a3 Bxd5 18. Bxd5
Ne5 $1 {D44: Semi-Slav: Botvinnik System.} 19. axb4 Rxd5 20. Qe2 {Nc3 is the
strong threat.} (20. Nxc5 Qc6 $17) 20... cxb4 {[#]White has an edge.} 21. Nc3
$1 Qd6 {21...Ra5 is vanishing.} 22. Nxd5 Qxd5 23. f3 $1 Nd3 24. Be3 (24. Rxa7
Qxg5 25. Rxf7 Qe5 $17) 24... Bc5 25. Bxc5 Qxc5+ 26. Kg2 {Hoping for b3!} Rd8 $1
({But not} 26... Qh5 $2 27. h4 $18) 27. Rfd1 (27. Qe4 $5 {[%cal Re4a8]} Rd5 28.
Qh7 $14) 27... Rd5 {[#]} 28. Rd2 $146 ({Predecessor:} 28. h4 a5 29. Rd2 {
1/2-1/2 (29) Bergmann,M (2404)-Simmelink,J (2286) LSS email 2012}) 28... Re5
29. Qf1 Qd4 $2 {[#]} (29... Re3 $11 {and Black has nothing to worry.}) 30. Rc1
$2 Kb7 $11 31. Rcd1 {Threatens to win with b3!} b3 $2 {[%mdl 8192] White
leaves nothing to chance now.} (31... Rd5 $1 $11) 32. Rxd3 $18 cxd3 33. Qxd3
Qxd3 ({Not} 33... Qxb2+ $2 34. Rd2 $18) 34. Rxd3 {[%mdl 4096] Endgame KR-KR}
Re2+ (34... Kc7 $142 35. Rxb3 Re2+ 36. Kg1 e5) 35. Kh3 Rxb2 {[#]} 36. g4 $1 {
[%cal Rg4g5]} Rb1 37. g5 ({Inferior is} 37. Rd7+ Kc6 $17) 37... Rg1 38. Rxb3+
Kc6 39. Kh4 Rg2 40. h3 a5 41. Kh5 a4 42. Rb4 a3 43. Ra4 a2 44. Kh6 Kb5 45. Ra8
Kb4 46. h4 Kb3 47. Kg7 Rh2 48. Kxf7 {White mates.} Rxh4 {[#]} 49. Rxa2 $3 {
[%mdl 576] Promotion} Kxa2 (49... Rh7+ 50. Kxe6) 50. g6 {Weighted Error Value:
White=0.15/Black=0.92} 1-0

[Event "36th European Club Cup 2021"]
[Site "Struga"]
[Date "2021.09.20"]
[Round "3.44"]
[White "Mihajlov, Sebastian"]
[Black "Demchenko, Anton"]
[Result "0-1"]
[WhiteElo "2381"]
[BlackElo "2610"]
[Annotator "TA"]
[PlyCount "90"]
[EventDate "2021.09.18"]
[EventType "team-tourn"]
[EventCountry "MKD"]
[SourceTitle "playchess.com"]
[Source "ChessBase"]
[SourceQuality "1"]

{[%evp 9,90,-3,0,-7,-2,-15,3,-15,-7,-34,-8,-36,-29,-30,-29,-22,-20,-29,-28,-31,
-30,-58,-60,-68,-67,-67,-55,-56,-59,-60,-56,-62,-56,-128,-98,-105,-70,-70,-70,
-70,-70,-70,-45,-70,-50,-56,-22,-70,-70,-136,-145,-210,-210,-191,-200,-175,
-135,-221,-210,-364,-351,-407,-290,-554,-519,-594,-566,-510,-506,-815,-832,
-830,-818,-781,-475,-639,-702,-1822,-1550,-1522,-1481,-5473,-2457]} 1. e4 c5 2.
Be2 Nc6 3. f4 e6 4. Nf3 d5 5. d3 Bd6 6. O-O {B21: Sicilian: 2 f4 and Morra
Gambit.} f6 $5 {[%mdl 4] Exploring less charted territory.} 7. c3 Nge7 8. Be3 {
The position is equal.} O-O 9. Nbd2 b6 {[#]} (9... d4 $5 10. cxd4 cxd4 11. Nxd4
Bxf4 12. Rxf4 Nxd4 $11) 10. Kh1 $146 ({Predecessor:} 10. g3 Bb7 11. Re1 e5 12.
fxe5 Nxe5 13. Nxe5 Bxe5 14. d4 cxd4 15. cxd4 Bd6 16. Qb3 {1/2-1/2 (31) Rio,R 
(2429)-Alexeyenko,G (2434) ICCF email 2017}) 10... Qc7 11. g3 Bb7 12. Rc1 Rad8
13. Qe1 Qd7 14. a3 a5 {[%cal Ba7a5,Ba5a4][%mdl 32]} 15. Rg1 a4 16. Bf1 Bc7 17.
Bg2 dxe4 18. dxe4 Na5 19. Qe2 Qd3 20. Qf2 h6 ({Avoid the trap} 20... Bxe4 $2
21. Nxe4 Rfe8 22. Nh4 $18) 21. h4 (21. Rge1 $15) 21... Qb5 ({Don't blunder} 
21... Bxe4 $2 22. Nxe4 Qxe4 23. Nd4 $1 $18 {[%mdl 512]}) 22. Rb1 f5 23. e5 Nd5
24. Bf1 Qe8 $36 {[%mdl 2048] Black has good play.} 25. Kh2 Bc6 26. Be2 Rd7 27.
Rbd1 Qf7 28. Nb1 Rfd8 29. Bc1 (29. Nbd2 $15) 29... b5 $1 $17 30. Be3 (30. Rge1
$17) 30... Nxe3 $19 31. Qxe3 {[#]} Nc4 $1 {[%cal Rc4e3]} 32. Qc1 Bd5 33. Ne1 {
[#]} (33. Rg2 $17) 33... g5 $1 34. fxg5 $2 (34. Rd3) 34... Nxe5 ({Weaker is} 
34... Bxe5 35. Nd3 $17) 35. Rf1 Kh7 36. Ng2 $2 (36. Nd2 {was worth a try.})
36... hxg5 {Black is clearly winning.} 37. hxg5 Rh8 38. Kg1 Kg8 {Hoping for ...
Rh1+!} 39. Nf4 (39. Qe3 $142 Qe7 40. Nh4) 39... Rh1+ 40. Kf2 Rh2+ 41. Ke1 Bg2
42. Rxd7 Qxd7 43. Rg1 Nf3+ 44. Kf2 Bh3+ 45. Ng2 Nxg1 {Weighted Error Value:
White=0.60/Black=0.16} 0-1

[Event "36th European Club Cup 2021"]
[Site "Struga"]
[Date "2021.09.20"]
[Round "3.45"]
[White "Antipov, Mikhail Al."]
[Black "Mihajlov, Svetoslav"]
[Result "1-0"]
[WhiteElo "2607"]
[BlackElo "2167"]
[Annotator "TA"]
[PlyCount "57"]
[EventDate "2021.09.18"]
[EventType "team-tourn"]
[EventCountry "MKD"]
[SourceTitle "playchess.com"]
[Source "ChessBase"]
[SourceQuality "1"]

{[%evp 12,57,13,18,29,26,29,18,20,21,33,27,33,18,41,30,40,31,44,62,64,44,55,31,
71,21,83,79,82,70,90,84,145,125,561,552,519,492,2065,1993,29984,29985,29985,
29986,29986,29987,29987,29987]} 1. e4 e5 2. Nf3 Nc6 3. Bc4 Bc5 4. d3 Nf6 5. O-O
d6 6. c3 O-O 7. Re1 a6 {C54: Giuoco Piano: 4 c3 Nf6, main lines with 5 d4 and
5 d3.} 8. a4 Ba7 9. h3 h6 {The position is equal. 9...h6 scores better than 9..
.Ne7.} 10. Nbd2 {[%cal Bb1d2,Bd2f1,Bf1g3][%mdl 32]} Ne7 11. Bb3 Ng6 12. d4 c6
13. a5 Re8 14. Bc2 Qc7 15. Nf1 Be6 16. Be3 {[#]} Rad8 $146 ({Predecessor:} 
16... exd4 17. Bxd4 Bxd4 18. Nxd4 Bd7 19. Ng3 Re5 20. b4 d5 21. exd5 Nxd5 22.
Bxg6 fxg6 {1/2-1/2 (67) Savitskiy,S (2412)-Kobalia,M (2596) Sochi 2017}) 17.
Qb1 Qb8 18. Ng3 Qa8 (18... d5 $1 $11) 19. Qc1 {Hoping for Bxh6!} Kh7 20. Ra4
Bb8 21. Nf5 {[%cal Re3h6] Black must now prevent Bxh6!} Bxf5 (21... Ng8 $142)
22. exf5 $16 Ne7 {[%mdl 8192] [#] A mistake that costs the game.} (22... Nf4
$16) 23. dxe5 $18 dxe5 24. Rh4 {[%cal Re3h6] aiming for Bxh6!} e4 (24... h5
$142 25. Bg5 Rh8 26. Nxe5 Bxe5) 25. Bxh6 Nxf5 {[#]} 26. Bxg7+ $1 {[%mdl 576]
Decoy. White mates.} Kxg7 27. Qg5+ {[%mdl 64] Double Attack} Kf8 28. Rh8+ Ke7
29. Rxe4+ {Weighted Error Value: White=0.07/Black=0.80} 1-0

[Event "36th European Club Cup 2021"]
[Site "Struga"]
[Date "2021.09.20"]
[Round "3.46"]
[White "Lobersli, Henrik Oie"]
[Black "Lomasov, Semyon"]
[Result "0-1"]
[WhiteElo "1987"]
[BlackElo "2526"]
[Annotator "ChessBase"]
[PlyCount "68"]
[EventDate "2021.09.18"]
[EventType "team-tourn"]
[EventCountry "MKD"]
[SourceTitle "playchess.com"]
[Source "ChessBase"]
[SourceQuality "1"]
[TimeControl "40/5400+30:1800+30"]

1. e4 {[%emt 0:00:05]} e6 {[%emt 0:00:04]} 2. d4 {[%emt 0:00:08]} d5 {[%emt 0:
00:10]} 3. Nc3 {[%emt 0:00:13]} Nf6 {[%emt 0:00:05]} 4. e5 {[%emt 0:00:12]}
Nfd7 {[%emt 0:00:06]} 5. f4 {[%emt 0:00:13]} c5 {[%emt 0:00:04]} 6. Nf3 {
[%emt 0:00:11]} a6 {[%emt 0:00:04]} 7. Be3 {[%emt 0:03:45]} Qb6 {[%emt 0:02:06]
} 8. a3 {[%emt 0:09:20]} Nc6 {[%emt 0:01:06]} 9. Na4 {[%emt 0:07:24]} Qa5+ {
[%emt 0:08:26]} 10. c3 {[%emt 0:02:45]} c4 {[%emt 0:03:52]} 11. b4 {[%emt 0:02:
15]} cxb3 {[%emt 0:01:01]} 12. Qxb3 {[%emt 0:00:16]} b5 {[%emt 0:00:32]} 13.
Nb2 {[%emt 0:23:26]} Rb8 {[%emt 0:21:18]} 14. Kf2 {[%emt 0:09:17]} Nb6 {
[%emt 0:05:39]} 15. Be2 {[%emt 0:12:14]} Nc4 {[%emt 0:01:11]} 16. a4 {[%emt 0:
04:48]} Nxe3 {[%emt 0:14:22]} 17. axb5 {[%emt 0:01:41]} Ng4+ {[%emt 0:01:51]}
18. Kg3 {[%emt 0:00:13]} Qc7 {[%emt 0:01:17]} 19. Kxg4 {[%emt 0:00:21]} Be7 {
[%emt 0:02:55]} 20. Kg3 {[%emt 0:00:28]} O-O {[%emt 0:02:15]} 21. h3 {[%emt 0:
01:56]} axb5 {[%emt 0:01:28]} 22. Kh2 {[%emt 0:01:20]} f6 {[%emt 0:10:18]} 23.
Rhb1 {[%emt 0:03:59]} fxe5 {[%emt 0:01:38]} 24. fxe5 {[%emt 0:00:17]} Bd7 {
[%emt 0:00:03]} 25. Nd3 {[%emt 0:01:52]} Be8 {[%emt 0:00:20]} 26. Qa2 {[%emt 0:
02:21]} Bg6 {[%emt 0:02:31]} 27. Rc1 {[%emt 0:05:04]} Be4 {[%emt 0:06:15]} 28.
Nb4 {[%emt 0:01:12]} Nxe5 {[%emt 0:09:48]} 29. dxe5 {[%emt 0:04:28]} Bxf3 {
[%emt 0:00:02]} 30. gxf3 {[%emt 0:02:20]} Qxe5+ {[%emt 0:00:02]} 31. Kh1 {
[%emt 0:00:29]} Bd6 {[%emt 0:01:01]} 32. Bd1 {[%emt 0:01:03]} Qe1+ {[%emt 0:01:
11]} 33. Kg2 {[%emt 0:00:16]} Rf6 {[%emt 0:00:49]} 34. Bb3 {[%emt 0:00:55]}
Rg6# {[%emt 0:00:07]} 0-1

[Event "36th European Club Cup 2021"]
[Site "Struga"]
[Date "2021.09.20"]
[Round "3.47"]
[White "Arngrimsson, Dagur"]
[Black "Darnell, Anton"]
[Result "1-0"]
[WhiteElo "2383"]
[BlackElo "2006"]
[Annotator "NA"]
[PlyCount "65"]
[EventDate "2021.09.18"]
[EventType "team-tourn"]
[EventCountry "MKD"]
[SourceTitle "playchess.com"]
[Source "ChessBase"]
[SourceQuality "1"]
[TimeControl "40/5400+30:1800+30"]

1. d4 {[%emt 0:00:06]} d5 {[%emt 0:00:12]} 2. c4 {[%emt 0:00:13]} c6 {[%emt 0:
00:09]} 3. cxd5 {[%emt 0:01:37]} cxd5 {[%emt 0:00:18]} 4. Nc3 {[%emt 0:00:04]}
Nf6 {[%emt 0:01:40]} 5. Bf4 {[%emt 0:00:19]} Nc6 {[%emt 0:00:29]} 6. e3 {
[%emt 0:00:43]} a6 {[%emt 0:02:10]} 7. Bd3 {[%emt 0:00:37]} e6 {[%emt 0:02:17]}
8. Rc1 {[%emt 0:01:52]} Bd6 {[%emt 0:00:58]} 9. Bg3 {[%emt 0:03:25]} O-O {
[%emt 0:06:51]} 10. f4 {[%emt 0:05:46]} Ne7 {[%emt 0:03:04]} 11. Bh4 {[%emt 0:
05:00]} Ng6 {[%emt 0:11:45]} 12. Bg5 {[%emt 0:01:39]} Re8 {[%emt 0:09:25]} 13.
h4 {[%emt 0:07:08]} Nf8 {[%emt 0:02:00]} 14. Nf3 {[%emt 0:06:11]} b5 {[%emt 0:
03:49]} 15. Qc2 {[%emt 0:16:34]} Bb7 {[%emt 0:02:43]} 16. a3 {[%emt 0:03:41]}
Rc8 {[%emt 0:02:02]} 17. g4 {[%emt 0:04:57]} Qd7 {[%emt 0:09:16]} 18. Bxf6 {
[%emt 0:08:44]} gxf6 {[%emt 0:00:10]} 19. g5 {[%emt 0:03:01]} f5 {[%emt 0:10:
16]} 20. h5 {[%emt 0:00:50]} Rc7 {[%emt 0:02:31]} 21. Qb3 {[%emt 0:10:13]} Rec8
{[%emt 0:01:04]} 22. Kf2 {[%emt 0:01:46]} Qe7 {[%emt 0:02:16]} 23. Ne5 {
[%emt 0:02:08]} Bxe5 {[%emt 0:05:24]} 24. fxe5 {[%emt 0:00:06]} h6 {[%emt 0:00:
59]} 25. gxh6 {[%emt 0:00:52]} Kh7 {[%emt 0:00:16]} 26. Rcg1 {[%emt 0:00:51]}
Kxh6 {[%emt 0:00:37]} 27. Qd1 {[%emt 0:04:43]} Rxc3 {[%emt 0:09:57]} 28. bxc3 {
[%emt 0:00:21]} Rxc3 {[%emt 0:00:03]} 29. Qf3 {[%emt 0:03:29]} Rxd3 {[%emt 0:
05:42]} 30. Qf4+ {[%emt 0:00:08]} Kh7 {[%emt 0:00:07]} 31. Qg3 {[%emt 0:00:06]}
f6 {[%emt 0:01:56]} 32. Qg8+ {[%emt 0:00:06]} Kh6 {[%emt 0:00:08]} 33. Rg6+ {
[%emt 0:00:06]} 1-0

[Event "36th European Club Cup 2021"]
[Site "Struga"]
[Date "2021.09.20"]
[Round "3.48"]
[White "Hestvik, Elias"]
[Black "Lagerman, Robert"]
[Result "1/2-1/2"]
[WhiteElo "1860"]
[BlackElo "2300"]
[Annotator "NA"]
[PlyCount "79"]
[EventDate "2021.09.18"]
[EventType "team-tourn"]
[EventCountry "MKD"]
[SourceTitle "playchess.com"]
[Source "ChessBase"]
[SourceQuality "1"]
[TimeControl "40/5400+30:1800+30"]

1. e4 {[%emt 0:00:03]} e5 {[%emt 0:00:02]} 2. Nf3 {[%emt 0:00:18]} Nc6 {
[%emt 0:00:06]} 3. Nc3 {[%emt 0:00:15]} Nf6 {[%emt 0:03:09]} 4. Bb5 {[%emt 0:
01:12]} Nd4 {[%emt 0:00:07]} 5. Nxd4 {[%emt 0:04:14]} exd4 {[%emt 0:00:26]} 6.
e5 {[%emt 0:01:23]} dxc3 {[%emt 0:05:30]} 7. exf6 {[%emt 0:02:42]} Qxf6 {
[%emt 0:04:28]} 8. dxc3 {[%emt 0:00:35]} c6 {[%emt 0:02:30]} 9. Bd3 {[%emt 0:
00:15]} d5 {[%emt 0:00:23]} 10. O-O {[%emt 0:01:21]} Bd6 {[%emt 0:03:45]} 11.
Re1+ {[%emt 0:03:03]} Be6 {[%emt 0:01:40]} 12. Be3 {[%emt 0:11:10]} O-O {
[%emt 0:20:10]} 13. Qh5 {[%emt 0:05:57]} g6 {[%emt 0:05:54]} 14. Qh6 {[%emt 0:
02:08]} Qg7 {[%emt 0:16:18]} 15. Qh4 {[%emt 0:01:15]} Rfe8 {[%emt 0:00:19]} 16.
Bd4 {[%emt 0:02:19]} g5 {[%emt 0:06:44]} 17. Bxg7 {[%emt 0:26:58]} gxh4 {
[%emt 0:00:27]} 18. Be5 {[%emt 0:03:41]} Bf8 {[%emt 0:02:02]} 19. Bf6 {[%emt 0:
02:52]} Be7 {[%emt 0:00:11]} 20. Bxe7 {[%emt 0:07:10]} Rxe7 {[%emt 0:00:02]}
21. Re3 {[%emt 0:03:57]} h6 {[%emt 0:04:15]} 22. f4 {[%emt 0:05:25]} Rae8 {
[%emt 0:01:25]} 23. Rae1 {[%emt 0:00:15]} Kf8 {[%emt 0:00:11]} 24. Kf2 {
[%emt 0:09:58]} Bd7 {[%emt 0:02:18]} 25. Kf3 {[%emt 0:03:09]} c5 {[%emt 0:01:
39]} 26. c4 {[%emt 0:01:02]} dxc4 {[%emt 0:01:32]} 27. Rxe7 {[%emt 0:00:42]}
Rxe7 {[%emt 0:00:02]} 28. Rxe7 {[%emt 0:00:16]} Kxe7 {[%emt 0:00:02]} 29. Bxc4
{[%emt 0:00:09]} f5 {[%emt 0:01:55]} 30. Bd5 {[%emt 0:00:46]} b5 {[%emt 0:00:
30]} 31. c4 {[%emt 0:00:46]} b4 {[%emt 0:00:38]} 32. Ke3 {[%emt 0:00:17]} a5 {
[%emt 0:00:09]} 33. Bg8 {[%emt 0:00:37]} Bc6 {[%emt 0:00:44]} 34. g3 {[%emt 0:
00:39]} hxg3 {[%emt 0:00:28]} 35. hxg3 {[%emt 0:00:01]} Be4 {[%emt 0:01:55]}
36. a3 {[%emt 0:00:55]} Bc6 {[%emt 0:01:34]} 37. Kf2 {[%emt 0:00:30]} Be4 {
[%emt 0:05:32]} 38. Ke3 {[%emt 0:00:19]} Bc6 {[%emt 0:00:06]} 39. Kf2 {[%emt 0:
00:12]} Be4 {[%emt 0:00:04]} 40. Ke3 {[%emt 0:00:00]} 1/2-1/2

[Event "36th European Club Cup 2021"]
[Site "Struga"]
[Date "2021.09.20"]
[Round "3.49"]
[White "Westerberg, Jonathan"]
[Black "Jepson, Christian"]
[Result "1/2-1/2"]
[WhiteElo "2526"]
[BlackElo "2407"]
[Annotator "TA"]
[PlyCount "156"]
[EventDate "2021.09.18"]
[EventType "team-tourn"]
[EventCountry "MKD"]
[SourceTitle "playchess.com"]
[Source "ChessBase"]
[SourceQuality "1"]

{[%evp 16,156,33,6,9,7,3,0,4,6,0,0,12,0,17,12,42,34,69,44,42,-14,4,-38,-37,-35,
-42,-137,-124,-142,-148,-142,-136,-154,-153,-219,-212,-220,-213,-217,-177,-319,
-312,-364,-339,-265,-110,-400,-147,-478,-487,-472,0,-100,0,-466,-459,-477,-472,
-529,-537,-503,-310,-371,-381,-323,-351,-431,-443,-435,-389,-534,-503,-534,
-534,-487,-522,-518,-508,-502,-491,-588,-585,-566,-564,-1077,-1070,-976,-340,
-316,-325,-310,-300,-336,-314,-354,-347,-333,0,-95,0,-332,-325,-304,-34,-258,
-261,-264,-8,-12,-19,-19,-19,-27,0,-27,0,-33,0,-5089,0,0,0,-8,-8,-281,-5,-290,
-306,-336,-360,-382,-382,-389,-389,-389,-390,-391,-391,-406,-406,-414,-414]} 1.
e4 g6 2. Nc3 Bg7 3. f4 c6 4. d4 d5 5. e5 Nh6 6. Nf3 f6 7. Bd3 Bg4 8. O-O $1 {
The main line 8.0-0 scores better than 8.h3.} O-O 9. Be3 e6 {[#] B15:
Caro-Kann: 3 Nc3: 3...g6 and 3...dxe4 4 Nxe4 Nf6 5 Nxf6+ exf6.} 10. exf6 $146 (
{Predecessor:} 10. Qe1 Bxf3 11. Rxf3 fxe5 12. fxe5 Rxf3 13. gxf3 Nd7 14. Qg3 c5
15. f4 Qb6 16. Na4 Qb4 17. Nxc5 Nxc5 18. dxc5 Qxb2 {1-0 (80) Drygalov,A (2493)
-Dixit,N (2321) Chess.com INT 2020}) 10... Qxf6 11. Ne2 Nf5 {The position is
equal.} 12. Qd2 Bxf3 13. Rxf3 Nd7 14. Bf2 Qe7 15. c3 a5 16. Re1 b5 17. g4 Nd6
18. h3 ({Better is} 18. Ng3 $14) 18... Nc4 19. Qc2 (19. Bxc4 $5 bxc4 20. b3 $11
) 19... e5 $1 {[%cal Re5e4]} 20. Bxc4 bxc4 21. dxe5 (21. Be3 $15) 21... Nxe5
$17 {[%mdl 64] Pin} 22. Re3 {[%mdl 64] [#] And now Nd4 would win. Pin} Qf7 $1
23. Rf1 Nd3 24. Rf3 a4 {[%cal Ba5a4,Ba4a3][%mdl 32]} 25. Bd4 (25. b4 $17 {
was called for.}) 25... Bxd4+ 26. Nxd4 c5 27. Ne2 Qe7 28. Qd2 (28. Qd1 $142)
28... Rab8 $19 29. Rb1 a3 {[%cal Rb8b2]} 30. b3 Kh8 (30... Rfe8 $19 31. Ng3 Ne1
) 31. Rbf1 $2 {[%mdl 8192]} (31. Re3 $17 Qf6 32. Rf1) 31... Rbe8 $2 (31... Rfe8
$19 {is more deadly.} 32. Ng3 Ne1) 32. Ng3 {[%mdl 8192]} (32. Nc1 $17 {is a
better chance.} Nxc1 33. Qxc1) 32... Ne1 $1 {[%cal Re1f3]} 33. R3f2 {aiming
for Re2.} Nd3 $2 (33... Qe3 $1 $19 {and Black stays clearly on top.} 34. Qxe3
Rxe3 35. bxc4 Rxg3+ {[%mdl 64] Double Attack} 36. Kh2 Re3 37. cxd5 Nd3) 34. Rf3
$17 Ne1 $2 {[%mdl 8192]} (34... Rd8 $17 35. Rb1 Rb8) 35. R3f2 $19 {Hoping for
Re2.} Qe3 36. Qxe3 Rxe3 37. Kh2 Nd3 38. Rd2 Rxf4 39. bxc4 Rxc4 40. Ne2 Rce4 41.
Ng3 Re7 42. Rb1 c4 43. g5 Kg7 44. h4 Rf7 45. h5 gxh5 46. Nxh5+ Kg6 {[%mdl 64]
Double Attack} 47. Nf6 Re5 48. Rb6 Kxg5 49. Rg2+ Kf4 $1 50. Rb1 Ne1 51. Nxd5+
Ke4 $2 (51... Rxd5 $2 52. Rxe1 Rff5 53. Rf2+ Kg5 54. Rc2 $19) (51... Kf3 52.
Nb6 Rff5) 52. Rxe1+ Kxd5 {[%mdl 4096] Endgame KRR-KRR} 53. Rd1+ Kc5 54. Rd8 Rf3
55. Rc8+ Kd5 56. Rd8+ Kc5 $2 (56... Ke6 $19 {has better winning chances.} 57.
Rgd2 Rd3) 57. Rc8+ $17 Kd5 $2 (57... Kb5 $17 58. Rb8+ Kc5 59. Rc8+) 58. Rd8+ $1
$19 Ke6 59. Rgd2 Rd3 $2 ({Wrong is} 59... Rxc3 $2 60. Re8+ Kf5 61. Rf2+ Ke4 62.
Re2+ Kd4 63. R8xe5 $18) (59... Kf5 $19 60. Rc2 Ree3 61. Rd5+ Ke6) 60. R8xd3 $2
(60. R2xd3 $15 cxd3 61. Rxd3 Re2+ {[%mdl 64] Double Attack} 62. Kg3 Rxa2 63. c4
) 60... cxd3 61. Rxd3 $15 {[#] KR-KR} Re2+ $2 (61... Rd5 $1 $19 {[%cal Rd5d3]}
62. Re3+ Re5) 62. Kg3 Rxa2 63. c4 $1 Ra1 64. Kg2 Ra2+ 65. Kg3 Ra1 (65... Kf5 {
keeps more tension.} 66. c5 Ke4 67. Rd6 Rc2 68. Ra6 Rc3+) 66. Kg2 a2 67. Rd2 $2
{[%mdl 8192] [#]} (67. Ra3 $11 Ke5 68. Ra5+ Ke4 69. c5) 67... Ke5 $2 (67...
Rg1+ $3 $19 {[%mdl 512]} 68. Kxg1 a1=Q+ 69. Kf2 Qc3 70. Re2+ Kf5) 68. Rd5+ $11
Ke4 (68... Kf4 {with more complications.} 69. Ra5 Kg4 70. c5 Rc1 71. Rxa2 Rc4)
69. Ra5 Kd4 70. c5 {intending c6.} Kc4 $2 (70... Kd5 $19 {White must now
prevent ...Kc6.} 71. Kh2 h6) 71. Ra8 $2 {[%mdl 8192]} (71. c6 $11 {and White
is okay.} Kb3 72. Ra7) 71... Kxc5 $19 72. Kh2 Kd4 73. Ra7 {Black is winning.}
Kc3 74. Ra8 Kb3 {Strongly threatening ...Re1.} 75. Rb8+ Kc2 76. Rc8+ Kd3 {
( -> ...Rh1+!)} 77. Ra8 Ke4 78. Ra7 Kd5 {[%mdl 32768] Weighted Error Value:
White=0.47/Black=0.66. An unexpected result.} 1/2-1/2

[Event "36th European Club Cup 2021"]
[Site "Struga"]
[Date "2021.09.20"]
[Round "3.50"]
[White "Kristensen, Kaare Hove"]
[Black "Seo, Jung Min"]
[Result "1/2-1/2"]
[WhiteElo "2336"]
[BlackElo "2469"]
[Annotator "ChessBase"]
[PlyCount "91"]
[EventDate "2021.09.18"]
[EventType "team-tourn"]
[EventCountry "MKD"]
[SourceTitle "playchess.com"]
[Source "ChessBase"]
[SourceQuality "1"]
[TimeControl "40/5400+30:1800+30"]

1. d4 {[%emt 0:00:10]} Nf6 {[%emt 0:00:06]} 2. c4 {[%emt 0:00:22]} e6 {[%emt 0:
00:03]} 3. g3 {[%emt 0:00:42]} d5 {[%emt 0:01:04]} 4. Bg2 {[%emt 0:01:06]} Be7
{[%emt 0:01:38]} 5. Nf3 {[%emt 0:00:14]} O-O {[%emt 0:00:54]} 6. O-O {[%emt 0:
00:26]} c6 {[%emt 0:01:08]} 7. Qc2 {[%emt 0:00:33]} b6 {[%emt 0:01:41]} 8. Nbd2
{[%emt 0:01:46]} Bb7 {[%emt 0:00:43]} 9. e4 {[%emt 0:00:48]} Na6 {[%emt 0:00:
53]} 10. a3 {[%emt 0:02:26]} Rc8 {[%emt 0:03:50]} 11. b4 {[%emt 0:10:09]} c5 {
[%emt 0:11:31]} 12. exd5 {[%emt 0:13:28]} exd5 {[%emt 0:00:17]} 13. dxc5 {
[%emt 0:02:47]} bxc5 {[%emt 0:02:03]} 14. b5 {[%emt 0:00:34]} Nb8 {[%emt 0:02:
56]} 15. Ne5 {[%emt 0:10:47]} Qc7 {[%emt 0:02:45]} 16. Re1 {[%emt 0:00:37]} Bd6
{[%emt 0:02:42]} 17. Nd3 {[%emt 0:07:54]} Nbd7 {[%emt 0:04:00]} 18. Bb2 {
[%emt 0:01:37]} Rfe8 {[%emt 0:10:56]} 19. Rxe8+ {[%emt 0:04:26]} Rxe8 {[%emt 0:
00:06]} 20. cxd5 {[%emt 0:00:24]} Bxd5 {[%emt 0:01:06]} 21. Bxd5 {[%emt 0:02:
09]} Nxd5 {[%emt 0:00:04]} 22. Nc4 {[%emt 0:00:27]} Bf8 {[%emt 0:06:17]} 23.
Re1 {[%emt 0:09:18]} Rxe1+ {[%emt 0:00:18]} 24. Nxe1 {[%emt 0:00:08]} N7b6 {
[%emt 0:01:26]} 25. Nf3 {[%emt 0:05:41]} h6 {[%emt 0:10:41]} 26. Nfe5 {[%emt 0:
03:05]} Nxc4 {[%emt 0:01:44]} 27. Nxc4 {[%emt 0:00:53]} Qd7 {[%emt 0:00:20]}
28. Qe4 {[%emt 0:06:35]} Ne7 {[%emt 0:04:00]} 29. Qf3 {[%emt 0:05:50]} Qxb5 {
[%emt 0:00:52]} 30. Nd6 {[%emt 0:03:41]} Qxb2 {[%emt 0:00:04]} 31. Qxf7+ {
[%emt 0:00:13]} Kh7 {[%emt 0:00:05]} 32. Qxf8 {[%emt 0:00:38]} Ng6 {[%emt 0:00:
57]} 33. Qf5 {[%emt 0:02:36]} Qxa3 {[%emt 0:00:48]} 34. Kg2 {[%emt 0:00:27]}
Qc3 {[%emt 0:14:32]} 35. Ne4 {[%emt 0:01:48]} Qe5 {[%emt 0:00:08]} 36. Qxe5 {
[%emt 0:00:25]} Nxe5 {[%emt 0:00:03]} 37. Nxc5 {[%emt 0:00:06]} a5 {[%emt 0:00:
30]} 38. f4 {[%emt 0:00:37]} Nc4 {[%emt 0:00:07]} 39. Na4 {[%emt 0:00:14]} Kg6
{[%emt 0:00:08]} 40. g4 {[%emt 0:00:00]} Kf6 {[%emt 0:00:00]} 41. Kg3 {[%emt 0:
03:11]} Nd2 {[%emt 0:01:54]} 42. h3 {[%emt 0:05:56]} Nc4 {[%emt 0:01:36]} 43.
Kf3 {[%emt 0:04:19]} Nd6 {[%emt 0:00:43]} 44. Ke3 {[%emt 0:01:51]} Nc4+ {
[%emt 0:00:14]} 45. Kd4 {[%emt 0:00:43]} Nd6 {[%emt 0:00:05]} 46. Kd5 {[%emt 0:
02:45]} 1/2-1/2